[Event "Benidorm Satellite preliminary"]
[Site "playchess.com #007036"]
[Date "2009.10.24"]
[Round "13"]
[White "Remco"]
[Black "Plamínek"]
[Result "0-1"]
[WhiteElo "2278"]
[BlackElo "2080"]
[PlyCount "24"]
[EventDate "2009.10.24"]
[EventType "swiss (blitz)"]

1. e4 {[%emt 0:00:04]} d6 {[%emt 0:00:02]} 2. d4 {[%emt 0:00:04]} Nf6 {[%emt 0:
00:02]} 3. Nc3 {[%emt 0:00:01]} c6 {[%emt 0:00:04]} 4. f4 {[%emt 0:00:02]} Qa5
{[%emt 0:00:08]} 5. Bd2 {[%emt 0:00:02]} e5 {[%emt 0:00:16]} 6. Nd5 {[%emt 0:
00:04]} Qd8 {[%emt 0:00:06]} 7. Nxf6+ {[%emt 0:00:03]} Qxf6 {[%emt 0:00:03]} 8.
dxe5 {[%emt 0:00:02]} dxe5 {[%emt 0:00:02]} 9. fxe5 {[%emt 0:00:03]} Qh4+ {
[%emt 0:00:07]} 10. g3 {[%emt 0:00:01]} Qxe4+ {[%emt 0:00:02]} 11. Kf2 {[%emt
0:00:01]} Bc5+ {[%emt 0:00:06]} 12. Be3 {[%emt 0:00:03]} Bxe3+ {[%emt 0:00:02]
Remco resigns} 0-1

[Event "Benidorm Satellite preliminary"]
[Site "playchess.com #007036"]
[Date "2009.10.24"]
[Round "13"]
[White "Pfleger"]
[Black "Heinz53"]
[Result "1-0"]
[WhiteElo "1642"]
[BlackElo "1687"]
[PlyCount "37"]
[EventDate "2009.10.24"]
[EventType "swiss (blitz)"]

1. e4 {[%emt 0:00:01]} d5 {[%emt 0:00:01]} 2. exd5 {[%emt 0:00:04]} Nf6 {[%emt
0:00:00]} 3. Nc3 {[%emt 0:00:01]} Nxd5 {[%emt 0:00:02]} 4. Bc4 {[%emt 0:00:05]}
Nxc3 {[%emt 0:00:01]} 5. dxc3 {[%emt 0:00:01]} g6 {[%emt 0:00:02]} 6. Bxf7+ {
[%emt 0:00:04]} Kxf7 {[%emt 0:00:01]} 7. Qxd8 {[%emt 0:00:02]} Nd7 {[%emt 0:00:
07]} 8. Qxc7 {[%emt 0:00:02]} Bg7 {[%emt 0:00:03]} 9. Bf4 {[%emt 0:00:05]} Nf6
{[%emt 0:00:03]} 10. Nf3 {[%emt 0:00:05]} Bg4 {[%emt 0:00:02]} 11. Ne5+ {[%emt
0:00:02]} Ke6 {[%emt 0:00:01]} 12. Qc4+ {[%emt 0:00:06]} Kf5 {[%emt 0:00:05]}
13. f3 {[%emt 0:00:07]} Bh5 {[%emt 0:00:04]} 14. g4+ {[%emt 0:00:03]} Bxg4 {
[%emt 0:00:01]} 15. fxg4+ {[%emt 0:00:01]} Nxg4 {[%emt 0:00:01]} 16. Nxg4 {
[%emt 0:00:01]} Kxg4 {[%emt 0:00:01]} 17. Be5+ {[%emt 0:00:01]} Kf5 {[%emt 0:
00:04]} 18. Bxg7 {[%emt 0:00:01]} Rhc8 {[%emt 0:00:02]} 19. Qd5+ {[%emt 0:00:
04] Heinz53 gibt auf} 1-0

[Event "Benidorm Satellite preliminary"]
[Site "playchess.com #007036"]
[Date "2009.10.24"]
[Round "13"]
[White "Franky Bono"]
[Black "Sff3"]
[Result "1-0"]
[WhiteElo "2039"]
[BlackElo "1691"]
[PlyCount "63"]
[EventDate "2009.10.24"]
[EventType "swiss (blitz)"]

1. d4 {[%emt 0:00:01]} d5 {[%emt 0:00:01]} 2. c4 {[%emt 0:00:01]} dxc4 {[%emt
0:00:01]} 3. Nc3 {[%emt 0:00:02]} c5 {[%emt 0:00:01]} 4. e3 {[%emt 0:00:01]} e5
{[%emt 0:00:01]} 5. Bxc4 {[%emt 0:00:05]} cxd4 {[%emt 0:00:01]} 6. Nf3 {[%emt
0:00:02]} dxe3 {[%emt 0:00:01]} 7. Bxf7+ {[%emt 0:00:02]} Ke7 {[%emt 0:00:02]}
8. Nxe5 {[%emt 0:00:06]} Qxd1+ {[%emt 0:00:03]} 9. Nxd1 {[%emt 0:00:05]} exf2+
{[%emt 0:00:01]} 10. Nxf2 {[%emt 0:00:01]} Kf6 {[%emt 0:00:04]} 11. Nfd3 {
[%emt 0:00:06]} Bb4+ {[%emt 0:00:05]} 12. Ke2 {[%emt 0:00:05]} Nd7 {[%emt 0:00:
06]} 13. Rf1+ {[%emt 0:00:02]} Ke7 {[%emt 0:00:05]} 14. Nxd7 {[%emt 0:00:05]}
Bxd7 {[%emt 0:00:01]} 15. Bxg8 {[%emt 0:00:01]} Rhxg8 {[%emt 0:00:02]} 16. Nxb4
{[%emt 0:00:01]} Bb5+ {[%emt 0:00:03]} 17. Nd3 {[%emt 0:00:02]} Rad8 {[%emt 0:
00:04]} 18. Rf3 {[%emt 0:00:01]} Rxd3 {[%emt 0:00:01]} 19. Rxd3 {[%emt 0:00:03]
} Rd8 {[%emt 0:00:01]} 20. Bg5+ {[%emt 0:00:00]} Ke8 {[%emt 0:00:03]} 21. Bxd8
{[%emt 0:00:01]} Bxd3+ {[%emt 0:00:03]} 22. Kxd3 {[%emt 0:00:01]} Kxd8 {[%emt
0:00:00]} 23. Kd4 {[%emt 0:00:01]} Kc7 {[%emt 0:00:00]} 24. Kd5 {[%emt 0:00:01]
} Kb6 {[%emt 0:00:00]} 25. a4 {[%emt 0:00:02]} Ka6 {[%emt 0:00:00]} 26. b4 {
[%emt 0:00:01]} b6 {[%emt 0:00:00]} 27. Kc6 {[%emt 0:00:03]} g5 {[%emt 0:00:03]
} 28. g4 {[%emt 0:00:01]} h6 {[%emt 0:00:01]} 29. h3 {[%emt 0:00:01]} h5 {
[%emt 0:00:03]} 30. gxh5 {[%emt 0:00:01]} g4 {[%emt 0:00:00]} 31. hxg4 {[%emt
0:00:01]} b5 {[%emt 0:00:02]} 32. axb5# {[%emt 0:00:01]} 1-0

[Event "Benidorm Satellite preliminary"]
[Site "playchess.com #007036"]
[Date "2009.10.24"]
[Round "13"]
[White "Alexrules01"]
[Black "Bystrc2010"]
[Result "0-1"]
[WhiteElo "1643"]
[BlackElo "1766"]
[PlyCount "54"]
[EventDate "2009.10.24"]
[EventType "swiss (blitz)"]

1. d4 {[%emt 0:00:01]} Nf6 {[%emt 0:00:01]} 2. c4 {[%emt 0:00:00]} g6 {[%emt 0:
00:01]} 3. Nc3 {[%emt 0:00:00]} Bg7 {[%emt 0:00:01]} 4. e4 {[%emt 0:00:00]} d6
{[%emt 0:00:00]} 5. Nf3 {[%emt 0:00:01]} O-O {[%emt 0:00:01]} 6. Be2 {[%emt 0:
00:00]} e5 {[%emt 0:00:01]} 7. Be3 {[%emt 0:00:03]} Ng4 {[%emt 0:00:02]} 8. Bg5
{[%emt 0:00:02]} f6 {[%emt 0:00:03]} 9. Bh4 {[%emt 0:00:01]} Nh6 {[%emt 0:00:
01]} 10. O-O {[%emt 0:00:02]} Nc6 {[%emt 0:00:03]} 11. d5 {[%emt 0:00:05]} Ne7
{[%emt 0:00:05]} 12. Nd2 {[%emt 0:00:01]} Nf7 {[%emt 0:00:03]} 13. f4 {[%emt 0:
00:01]} exf4 {[%emt 0:00:06]} 14. Rxf4 {[%emt 0:00:05]} g5 {[%emt 0:00:08]} 15.
Bxg5 {[%emt 0:00:18]} fxg5 {[%emt 0:00:07]} 16. Rf1 {[%emt 0:00:01]} Ne5 {
[%emt 0:00:06]} 17. Bh5 {[%emt 0:00:07]} Rxf1+ {[%emt 0:00:06]} 18. Qxf1 {
[%emt 0:00:01]} Qf8 {[%emt 0:00:07]} 19. Qe2 {[%emt 0:00:01]} N7g6 {[%emt 0:00:
09]} 20. Rf1 {[%emt 0:00:02]} Qe7 {[%emt 0:00:06]} 21. Nf3 {[%emt 0:00:07]}
Nxf3+ {[%emt 0:00:08]} 22. Qxf3 {[%emt 0:00:02]} Bd7 {[%emt 0:00:03]} 23. Qg3 {
[%emt 0:00:09]} Rf8 {[%emt 0:00:06]} 24. Re1 {[%emt 0:00:01]} Qf7 {[%emt 0:00:
16]} 25. Nb5 {[%emt 0:00:07]} Bxb5 {[%emt 0:00:07]} 26. cxb5 {[%emt 0:00:01]}
Bd4+ {[%emt 0:00:09]} 27. Kh1 {[%emt 0:00:02]} Qf1+ {[%emt 0:00:07]
Alexrules01 resigns} 0-1

[Event "Benidorm Satellite preliminary"]
[Site "playchess.com #007036"]
[Date "2009.10.24"]
[Round "13"]
[White "Marx"]
[Black "Beckhambauer"]
[Result "0-1"]
[WhiteElo "1330"]
[BlackElo "1587"]
[PlyCount "40"]
[EventDate "2009.10.24"]
[EventType "swiss (blitz)"]

1. e4 {[%emt 0:00:09]} c5 {[%emt 0:00:01]} 2. Nf3 {[%emt 0:00:03]} d6 {[%emt 0:
00:01]} 3. d4 {[%emt 0:00:01]} cxd4 {[%emt 0:00:02]} 4. Bb5+ {[%emt 0:00:01]}
Bd7 {[%emt 0:00:03]} 5. Bxd7+ {[%emt 0:00:01]} Nxd7 {[%emt 0:00:02]} 6. Nxd4 {
[%emt 0:00:01]} g6 {[%emt 0:00:01]} 7. Nc3 {[%emt 0:00:07]} Bg7 {[%emt 0:00:01]
} 8. Be3 {[%emt 0:00:02]} Ngf6 {[%emt 0:00:03]} 9. O-O {[%emt 0:00:06]} Kf8 {
[%emt 0:00:08] Marx offers a draw} 10. Qe2 {[%emt 0:00:27]} a6 {[%emt 0:00:13]}
11. Rad1 {[%emt 0:00:09]} Ne5 {[%emt 0:00:02]} 12. Qd2 {[%emt 0:00:16]} Nfg4 {
[%emt 0:00:04]} 13. f4 {[%emt 0:00:14]} Nxe3 {[%emt 0:00:03]} 14. Qxe3 {[%emt
0:00:01]} Nc4 {[%emt 0:00:09]} 15. Qc1 {[%emt 0:00:02]} Qb6 {[%emt 0:00:05]}
16. e5 {[%emt 0:00:28]} dxe5 {[%emt 0:00:05]} 17. fxe5 {[%emt 0:00:01]} Bxe5 {
[%emt 0:00:02]} 18. Rxf7+ {[%emt 0:00:05]} Kxf7 {[%emt 0:00:03]} 19. Rf1+ {
[%emt 0:00:01]} Kg7 {[%emt 0:00:06]} 20. Nd5 {[%emt 0:00:11]} Qxd4+ {[%emt 0:
00:03] Marx resigns} 0-1

[Event "Benidorm Satellite preliminary"]
[Site "playchess.com #007036"]
[Date "2009.10.24"]
[Round "13"]
[White "Kampfgeist"]
[Black "Chuumba24"]
[Result "0-1"]
[WhiteElo "1351"]
[BlackElo "1526"]
[PlyCount "50"]
[EventDate "2009.10.24"]
[EventType "swiss (blitz)"]

1. e4 {[%emt 0:00:00]} d6 {[%emt 0:00:03]} 2. d4 {[%emt 0:00:02]} e5 {[%emt 0:
00:12]} 3. Bc4 {[%emt 0:00:06]} b5 {[%emt 0:00:06]} 4. Bxb5+ {[%emt 0:00:10]}
Bd7 {[%emt 0:00:01]} 5. Bc4 {[%emt 0:00:03]} Nf6 {[%emt 0:00:03]} 6. Nc3 {
[%emt 0:00:07]} exd4 {[%emt 0:00:07]} 7. Qxd4 {[%emt 0:00:02]} Nc6 {[%emt 0:00:
02]} 8. Qd3 {[%emt 0:00:02]} Be7 {[%emt 0:00:01]} 9. f4 {[%emt 0:00:03]} O-O {
[%emt 0:00:02]} 10. Nf3 {[%emt 0:00:02]} Bg4 {[%emt 0:00:04]} 11. O-O {[%emt 0:
00:04]} Rb8 {[%emt 0:00:05]} 12. Bb3 {[%emt 0:00:02]} a5 {[%emt 0:00:03]} 13.
Nd5 {[%emt 0:00:06]} Nb4 {[%emt 0:00:07]} 14. Qd2 {[%emt 0:00:14]} c6 {[%emt 0:
00:06]} 15. Nxe7+ {[%emt 0:00:03]} Qxe7 {[%emt 0:00:02]} 16. e5 {[%emt 0:00:03]
} dxe5 {[%emt 0:00:05]} 17. Nxe5 {[%emt 0:00:06]} Bf5 {[%emt 0:00:07]} 18. a3 {
[%emt 0:00:04]} Nbd5 {[%emt 0:00:07]} 19. Nxc6 {[%emt 0:00:04]} Qc5+ {[%emt 0:
00:01]} 20. Nd4 {[%emt 0:00:08]} Ne4 {[%emt 0:00:06]} 21. Qe2 {[%emt 0:00:07]}
Qxd4+ {[%emt 0:00:03]} 22. Kh1 {[%emt 0:00:02]} Ndf6 {[%emt 0:00:09]} 23. Be3 {
[%emt 0:00:06]} Qd7 {[%emt 0:00:10]} 24. Rad1 {[%emt 0:00:03]} Qc8 {[%emt 0:00:
09]} 25. h3 {[%emt 0:00:04]} Ng3+ {[%emt 0:00:04] Kampfgeist gibt auf} 0-1

[Event "Benidorm Satellite preliminary"]
[Site "playchess.com #007036"]
[Date "2009.10.24"]
[Round "13"]
[White "Roi folichon"]
[Black "Florin G"]
[Result "0-1"]
[WhiteElo "1509"]
[BlackElo "1785"]
[PlyCount "88"]
[EventDate "2009.10.24"]
[EventType "swiss (blitz)"]

1. e4 {[%emt 0:00:01]} e5 {[%emt 0:00:02]} 2. Nf3 {[%emt 0:00:00]} Nc6 {[%emt
0:00:02]} 3. d3 {[%emt 0:00:00]} Nf6 {[%emt 0:00:04]} 4. c4 {[%emt 0:00:01]} h6
{[%emt 0:00:01]} 5. Nc3 {[%emt 0:00:01]} Bb4 {[%emt 0:00:01]} 6. a3 {[%emt 0:
00:03]} Ba5 {[%emt 0:00:01]} 7. b4 {[%emt 0:00:01]} Bb6 {[%emt 0:00:01]} 8. Be3
{[%emt 0:00:00]} Bxe3 {[%emt 0:00:01]} 9. fxe3 {[%emt 0:00:00]} O-O {[%emt 0:
00:01]} 10. Be2 {[%emt 0:00:01]} d6 {[%emt 0:00:02]} 11. O-O {[%emt 0:00:01]}
Nh7 {[%emt 0:00:01]} 12. Rf2 {[%emt 0:00:02]} f5 {[%emt 0:00:01]} 13. Qd2 {
[%emt 0:00:02]} fxe4 {[%emt 0:00:02]} 14. Nxe4 {[%emt 0:00:01]} Bf5 {[%emt 0:
00:07]} 15. Nc3 {[%emt 0:00:04]} a6 {[%emt 0:00:04]} 16. e4 {[%emt 0:00:00]}
Bg4 {[%emt 0:00:05]} 17. Raf1 {[%emt 0:00:10]} Qe7 {[%emt 0:00:02]} 18. Bd1 {
[%emt 0:00:05]} Bxf3 {[%emt 0:00:05]} 19. Rxf3 {[%emt 0:00:07]} Nd4 {[%emt 0:
00:02]} 20. Rxf8+ {[%emt 0:00:01]} Rxf8 {[%emt 0:00:02]} 21. Rxf8+ {[%emt 0:00:
01]} Qxf8 {[%emt 0:00:04]} 22. Ne2 {[%emt 0:00:00]} Nxe2+ {[%emt 0:00:06]} 23.
Qxe2 {[%emt 0:00:05]} Ng5 {[%emt 0:00:01]} 24. Qg4 {[%emt 0:00:03]} Qe7 {[%emt
0:00:04]} 25. h4 {[%emt 0:00:04]} Ne6 {[%emt 0:00:05]} 26. g3 {[%emt 0:00:13]}
b6 {[%emt 0:00:02]} 27. Qf3 {[%emt 0:00:07]} Nd4 {[%emt 0:00:05]} 28. Qf2 {
[%emt 0:00:01]} Qf6 {[%emt 0:00:02]} 29. Qxf6 {[%emt 0:00:08]} gxf6 {[%emt 0:
00:02]} 30. Bg4 {[%emt 0:00:01]} Nc2 {[%emt 0:00:09]} 31. Bc8 {[%emt 0:00:07]}
Nxa3 {[%emt 0:00:02]} 32. Bxa6 {[%emt 0:00:02]} Nc2 {[%emt 0:00:05]} 33. c5 {
[%emt 0:00:06]} Nxb4 {[%emt 0:00:05]} 34. Bc4+ {[%emt 0:00:01]} Kg7 {[%emt 0:
00:04]} 35. cxb6 {[%emt 0:00:01]} cxb6 {[%emt 0:00:01]} 36. Kf2 {[%emt 0:00:01]
} Kf8 {[%emt 0:00:07]} 37. g4 {[%emt 0:00:01]} Nc2 {[%emt 0:00:05]} 38. Ke2 {
[%emt 0:00:06]} Nd4+ {[%emt 0:00:02]} 39. Kd2 {[%emt 0:00:01]} Nf3+ {[%emt 0:
00:01]} 40. Kc3 {[%emt 0:00:00]} Nxh4 {[%emt 0:00:02]} 41. Kb4 {[%emt 0:00:00]}
Ng2 {[%emt 0:00:07]} 42. Kb5 {[%emt 0:00:01]} Ne3 {[%emt 0:00:03]} 43. Be6 {
[%emt 0:00:03]} Ke7 {[%emt 0:00:06]} 44. Kxb6 {[%emt 0:00:00]} Kxe6 {[%emt 0:
00:02] Roi folichon abandonne} 0-1

[Event "Benidorm Satellite preliminary"]
[Site "playchess.com #007036"]
[Date "2009.10.24"]
[Round "13"]
[White "sabla"]
[Black "Pupu"]
[Result "1-0"]
[WhiteElo "1711"]
[BlackElo "1981"]
[PlyCount "61"]
[EventDate "2009.10.24"]
[EventType "swiss (blitz)"]

1. d4 {[%emt 0:00:02]} f5 {[%emt 0:00:01]} 2. Nc3 {[%emt 0:00:01]} Nf6 {[%emt
0:00:01]} 3. Bg5 {[%emt 0:00:01]} e6 {[%emt 0:00:03]} 4. e4 {[%emt 0:00:01]}
fxe4 {[%emt 0:00:01]} 5. Nxe4 {[%emt 0:00:01]} Be7 {[%emt 0:00:00]} 6. Bxf6 {
[%emt 0:00:01]} Bxf6 {[%emt 0:00:01]} 7. Nf3 {[%emt 0:00:01]} O-O {[%emt 0:00:
01]} 8. h4 {[%emt 0:00:01]} d5 {[%emt 0:00:01]} 9. Ng3 {[%emt 0:00:02]} Nc6 {
[%emt 0:00:03]} 10. c3 {[%emt 0:00:01]} Bd7 {[%emt 0:00:02]} 11. Bd3 {[%emt 0:
00:01]} e5 {[%emt 0:00:03]} 12. Bxh7+ {[%emt 0:00:01]} Kxh7 {[%emt 0:00:02]}
13. Ng5+ {[%emt 0:00:01]} Kg8 {[%emt 0:00:06]} 14. Qh5 {[%emt 0:00:01]} Re8 {
[%emt 0:00:15]} 15. Qf7+ {[%emt 0:00:03]} Kh8 {[%emt 0:00:05]} 16. Qh5+ {[%emt
0:00:01]} Kg8 {[%emt 0:00:01]} 17. Qh7+ {[%emt 0:00:06]} Kf8 {[%emt 0:00:01]}
18. O-O-O {[%emt 0:00:16]} e4 {[%emt 0:00:19]} 19. Qh5 {[%emt 0:00:09]} Be6 {
[%emt 0:00:26]} 20. f3 {[%emt 0:00:07]} Qd6 {[%emt 0:00:17]} 21. Nh7+ {[%emt 0:
00:12]} Ke7 {[%emt 0:00:05]} 22. Nxf6 {[%emt 0:00:01]} gxf6 {[%emt 0:00:03]}
23. Qh7+ {[%emt 0:00:09]} Kd8 {[%emt 0:00:04]} 24. Nh5 {[%emt 0:00:01]} a5 {
[%emt 0:00:37]} 25. fxe4 {[%emt 0:00:01]} dxe4 {[%emt 0:00:04]} 26. d5 {[%emt
0:00:06]} Bg4 {[%emt 0:00:08]} 27. dxc6 {[%emt 0:00:08]} Bxd1 {[%emt 0:00:13]}
28. Rxd1 {[%emt 0:00:02]} Qxd1+ {[%emt 0:00:02]} 29. Kxd1 {[%emt 0:00:02]} bxc6
{[%emt 0:00:02]} 30. Nxf6 {[%emt 0:00:02]} Re7 {[%emt 0:00:06]} 31. Qg8+ {
[%emt 0:00:02] Pupu gibt auf} 1-0

[Event "Benidorm Satellite preliminary"]
[Site "playchess.com #007036"]
[Date "2009.10.24"]
[Round "13"]
[White "Phlegias"]
[Black "Bartimäus"]
[Result "1-0"]
[WhiteElo "1931"]
[BlackElo "1793"]
[PlyCount "57"]
[EventDate "2009.10.24"]
[EventType "swiss (blitz)"]

1. e4 {[%emt 0:00:01]} e6 {[%emt 0:00:01]} 2. Nc3 {[%emt 0:00:02]} c5 {[%emt 0:
00:03]} 3. Nf3 {[%emt 0:00:02]} Nc6 {[%emt 0:00:01]} 4. d4 {[%emt 0:00:03]}
cxd4 {[%emt 0:00:02]} 5. Nxd4 {[%emt 0:00:00]} d6 {[%emt 0:00:06]} 6. Be3 {
[%emt 0:00:04]} a6 {[%emt 0:00:02]} 7. a4 {[%emt 0:00:02]} Nf6 {[%emt 0:00:02]}
8. Be2 {[%emt 0:00:01]} Be7 {[%emt 0:00:02]} 9. O-O {[%emt 0:00:01]} O-O {
[%emt 0:00:01]} 10. f4 {[%emt 0:00:03]} Qc7 {[%emt 0:00:04]} 11. Bf3 {[%emt 0:
00:02]} Bd7 {[%emt 0:00:05]} 12. Qd2 {[%emt 0:00:03]} Rac8 {[%emt 0:00:04]} 13.
Nce2 {[%emt 0:00:57]} Nxd4 {[%emt 0:00:20]} 14. Nxd4 {[%emt 0:00:07]} e5 {
[%emt 0:00:08]} 15. fxe5 {[%emt 0:00:02]} dxe5 {[%emt 0:00:01]} 16. Nf5 {[%emt
0:00:20]} Bc5 {[%emt 0:00:07]} 17. c3 {[%emt 0:00:09]} Bxe3+ {[%emt 0:00:11]}
18. Qxe3 {[%emt 0:00:01]} Bc6 {[%emt 0:00:02]} 19. a5 {[%emt 0:00:12]} Rfe8 {
[%emt 0:00:13]} 20. Qg5 {[%emt 0:00:05]} g6 {[%emt 0:00:03]} 21. Qxf6 {[%emt 0:
00:07]} gxf5 {[%emt 0:00:03]} 22. Qxf5 {[%emt 0:00:02]} Re6 {[%emt 0:00:06]}
23. Bh5 {[%emt 0:00:06]} Rf8 {[%emt 0:00:12]} 24. Qg4+ {[%emt 0:00:25]} Kh8 {
[%emt 0:00:02]} 25. Bxf7 {[%emt 0:00:05]} Rxf7 {[%emt 0:00:13]} 26. Qxe6 {
[%emt 0:00:01]} Rxf1+ {[%emt 0:00:06]} 27. Rxf1 {[%emt 0:00:01]} Bxe4 {[%emt 0:
00:06]} 28. Rf8+ {[%emt 0:00:04]} Kg7 {[%emt 0:00:06]} 29. Qf6# {[%emt 0:00:01]
} 1-0

[Event "Benidorm Satellite preliminary"]
[Site "playchess.com #007036"]
[Date "2009.10.24"]
[Round "13"]
[White "Windwolf"]
[Black "David Lynch"]
[Result "1-0"]
[WhiteElo "2290"]
[BlackElo "2151"]
[PlyCount "51"]
[EventDate "2009.10.24"]
[EventType "swiss (blitz)"]

1. e4 {[%emt 0:00:02]} c5 {[%emt 0:00:01]} 2. Nf3 {[%emt 0:00:01]} d6 {[%emt 0:
00:01]} 3. d4 {[%emt 0:00:01]} cxd4 {[%emt 0:00:00]} 4. Nxd4 {[%emt 0:00:00]}
Nf6 {[%emt 0:00:00]} 5. Nc3 {[%emt 0:00:01]} a6 {[%emt 0:00:00]} 6. Be3 {[%emt
0:00:01]} e5 {[%emt 0:00:01]} 7. Nb3 {[%emt 0:00:01]} Be6 {[%emt 0:00:00]} 8.
f3 {[%emt 0:00:02]} h5 {[%emt 0:00:00]} 9. Qd2 {[%emt 0:00:05]} Nbd7 {[%emt 0:
00:01]} 10. O-O-O {[%emt 0:00:11]} b5 {[%emt 0:00:02]} 11. Kb1 {[%emt 0:00:13]}
Rc8 {[%emt 0:00:01]} 12. f4 {[%emt 0:00:36]} b4 {[%emt 0:00:21]} 13. Nd5 {
[%emt 0:00:02]} Nxe4 {[%emt 0:00:03]} 14. Qxb4 {[%emt 0:00:05]} Nec5 {[%emt 0:
00:36]} 15. fxe5 {[%emt 0:00:24]} Nxb3 {[%emt 0:00:14]} 16. axb3 {[%emt 0:00:
20]} dxe5 {[%emt 0:00:05]} 17. Qa4 {[%emt 0:00:02]} Bc5 {[%emt 0:00:21]} 18.
Bxa6 {[%emt 0:00:17]} Bxe3 {[%emt 0:00:08]} 19. Bxc8 {[%emt 0:00:03]} Qxc8 {
[%emt 0:00:00]} 20. Nxe3 {[%emt 0:00:05]} O-O {[%emt 0:00:01]} 21. Nd5 {[%emt
0:00:02]} Qb7 {[%emt 0:00:05]} 22. Qe4 {[%emt 0:00:12]} Kh8 {[%emt 0:00:16]}
23. Qb4 {[%emt 0:00:03]} Qa8 {[%emt 0:00:08]} 24. Nc7 {[%emt 0:00:05]} Qc6 {
[%emt 0:00:03]} 25. Nxe6 {[%emt 0:00:03]} fxe6 {[%emt 0:00:04]} 26. Rxd7 {
[%emt 0:00:02] David Lynch rinde} 1-0

[Event "Benidorm Satellite preliminary"]
[Site "playchess.com #007036"]
[Date "2009.10.24"]
[Round "13"]
[White "Dolorian"]
[Black "Baby Animals"]
[Result "0-1"]
[WhiteElo "1520"]
[BlackElo "1715"]
[PlyCount "66"]
[EventDate "2009.10.24"]
[EventType "swiss (blitz)"]

1. e4 {[%emt 0:00:04]} c5 {[%emt 0:00:00]} 2. Nc3 {[%emt 0:00:02]} e5 {[%emt 0:
00:01]} 3. f4 {[%emt 0:00:03]} f6 {[%emt 0:00:01]} 4. Bc4 {[%emt 0:00:05]} Nc6
{[%emt 0:00:02]} 5. Nf3 {[%emt 0:00:06]} d6 {[%emt 0:00:02]} 6. O-O {[%emt 0:
00:07]} a6 {[%emt 0:00:01]} 7. a4 {[%emt 0:00:02]} Qe7 {[%emt 0:00:06]} 8. f5 {
[%emt 0:00:05]} Nh6 {[%emt 0:00:03]} 9. Qe1 {[%emt 0:00:08]} Nf7 {[%emt 0:00:
03]} 10. d3 {[%emt 0:00:06]} Bd7 {[%emt 0:00:01]} 11. Bd2 {[%emt 0:00:08]} h5 {
[%emt 0:00:01]} 12. Ne2 {[%emt 0:00:05]} O-O-O {[%emt 0:00:03]} 13. b4 {[%emt
0:00:04]} Nd4 {[%emt 0:00:09]} 14. Nfxd4 {[%emt 0:00:14]} exd4 {[%emt 0:00:01]}
15. bxc5 {[%emt 0:00:03]} dxc5 {[%emt 0:00:01]} 16. Qb1 {[%emt 0:00:06]} Bc6 {
[%emt 0:00:01]} 17. Qb6 {[%emt 0:00:08]} Ne5 {[%emt 0:00:10]} 18. Bxa6 {[%emt
0:00:05]} bxa6 {[%emt 0:00:02]} 19. Qxc6+ {[%emt 0:00:02]} Nxc6 {[%emt 0:00:02]
} 20. Rfb1 {[%emt 0:00:05]} Qa7 {[%emt 0:00:05]} 21. Rb3 {[%emt 0:00:07]} Bd6 {
[%emt 0:00:02]} 22. Rab1 {[%emt 0:00:02]} a5 {[%emt 0:00:05]} 23. Rb5 {[%emt 0:
00:04]} Rd7 {[%emt 0:00:06]} 24. Bf4 {[%emt 0:00:16]} Rhd8 {[%emt 0:00:08]} 25.
Bxd6 {[%emt 0:00:07]} Rxd6 {[%emt 0:00:01]} 26. Nf4 {[%emt 0:00:01]} Nb4 {
[%emt 0:00:04]} 27. Ne6 {[%emt 0:00:03]} R8d7 {[%emt 0:00:04]} 28. Rxc5+ {
[%emt 0:00:02]} Rc6 {[%emt 0:00:03]} 29. Rb5 {[%emt 0:00:20]} Rxc2 {[%emt 0:00:
03]} 30. h3 {[%emt 0:00:16]} Rc3 {[%emt 0:00:06]} 31. Kh2 {[%emt 0:00:30]} Rb7
{[%emt 0:00:05]} 32. Rc5+ {[%emt 0:00:26]} Rxc5 {[%emt 0:00:03]} 33. Nxc5 {
[%emt 0:00:00]} Qxc5 {[%emt 0:00:01] Dolorian resigns} 0-1

[Event "Benidorm Satellite preliminary"]
[Site "playchess.com #007036"]
[Date "2009.10.24"]
[Round "13"]
[White "Tpeter"]
[Black "Ajalcaide"]
[Result "1-0"]
[WhiteElo "1192"]
[BlackElo "1250"]
[PlyCount "61"]
[EventDate "2009.10.24"]
[EventType "swiss (blitz)"]

1. Nf3 {[%emt 0:00:02]} d5 {[%emt 0:00:02]} 2. g3 {[%emt 0:00:01]} Nc6 {[%emt
0:00:04]} 3. Bg2 {[%emt 0:00:01]} e6 {[%emt 0:00:01]} 4. d4 {[%emt 0:00:05]}
Nf6 {[%emt 0:00:06]} 5. Bf4 {[%emt 0:00:02]} Bd6 {[%emt 0:00:07]} 6. e3 {[%emt
0:00:03]} Bxf4 {[%emt 0:00:04]} 7. exf4 {[%emt 0:00:01]} O-O {[%emt 0:00:04]}
8. O-O {[%emt 0:00:02]} Ne4 {[%emt 0:00:07]} 9. c3 {[%emt 0:00:06]} b5 {[%emt
0:00:05]} 10. a3 {[%emt 0:00:02]} a6 {[%emt 0:00:01]} 11. Nbd2 {[%emt 0:00:02]}
f5 {[%emt 0:00:24]} 12. Ne5 {[%emt 0:00:07]} Nxe5 {[%emt 0:00:05]} 13. fxe5 {
[%emt 0:00:02]} Bb7 {[%emt 0:00:16]} 14. f4 {[%emt 0:00:02]} Rb8 {[%emt 0:00:
19]} 15. Nb3 {[%emt 0:00:02]} c6 {[%emt 0:00:16]} 16. Bxe4 {[%emt 0:00:05]}
fxe4 {[%emt 0:00:03]} 17. Nc5 {[%emt 0:00:01]} h5 {[%emt 0:00:09]} 18. Nxe6 {
[%emt 0:00:02]} Qe8 {[%emt 0:00:09]} 19. Nxf8 {[%emt 0:00:05]} Qxf8 {[%emt 0:
00:01]} 20. Qxh5 {[%emt 0:00:03]} a5 {[%emt 0:00:06]} 21. b4 {[%emt 0:00:04]}
axb4 {[%emt 0:00:03]} 22. axb4 {[%emt 0:00:02]} Re8 {[%emt 0:00:05]} 23. Ra7 {
[%emt 0:00:04]} Bc8 {[%emt 0:00:09]} 24. Rfa1 {[%emt 0:00:03]} Be6 {[%emt 0:00:
16]} 25. Qg6 {[%emt 0:00:06]} Bf7 {[%emt 0:00:15]} 26. Qxc6 {[%emt 0:00:18]} e3
{[%emt 0:00:02]} 27. Qxb5 {[%emt 0:00:08]} e2 {[%emt 0:00:01]} 28. Qxe2 {[%emt
0:00:02]} Bg6 {[%emt 0:00:10]} 29. Qb5 {[%emt 0:00:03]} Be4 {[%emt 0:00:02]}
30. Qc6 {[%emt 0:00:08]} Qf7 {[%emt 0:00:17]} 31. Rxf7 {[%emt 0:00:03] Tiempo}
1-0